书目信息 |
| 题名: |
旅游业市场营销
|
|
| 作者: | 唐·约翰逊 ;张凌云 , 马晓秋 译 | |
| 分册: | ||
| 出版信息: | 北京 电子工业出版社 2004 |
|
| 页数: | 268页 | |
| 开本: | 20cm | |
| 丛书名: | 旅游服务管理精选精译 | |
| 单 册: | ||
| 中图分类: | F590.8 | |
| 科图分类: | ||
| 主题词: | 旅游市场--市场营销学 | |
| 电子资源: | ||
| ISBN: | 7-5053-9844-X | |
| 000 | 01075oam2 2200277 450 | |
| 001 | 07079000329 | |
| 005 | 20221010155236.91 | |
| 010 | @a7-5053-9844-X@dCNY29.00 | |
| 100 | @a20060606d2004 ekmy0chiy0110 ea | |
| 101 | 1 | @achi@ceng |
| 102 | @aCN@b110000 | |
| 105 | @ay z 000yy | |
| 200 | 1 | @a旅游业市场营销@Alu^ you ye shi chang ying xiao@dSales and Marketing in the Tourism Industry@f(澳) 唐·约翰逊(Dawn Johnson)著@g张凌云, 马晓秋译@zeng |
| 210 | @a北京@c电子工业出版社@d2004 | |
| 215 | @a268页@d20cm | |
| 225 | 2 | @a旅游服务管理精选精译 |
| 330 | @a本书介绍在复杂的旅游市场环境下进行产品或服务营销与销售的基础知识和技能,及旅游行业最新的趋势和营销工具,辅助于同步思考题、案例分析。 | |
| 461 | 0 | @12001 @a旅游服务管理精选精译 |
| 510 | 1 | @aSales and Marketing in the Tourism Industry@zeng |
| 606 | 0 | @a旅游市场@x市场营销学 |
| 690 | @aF590.8@v4 | |
| 701 | 1 | @a唐·约翰逊@Atang· yue han xun@c(Johnson Dawn )著 |
| 702 | 0 | @a张凌云@Azhang ling yun@4译 |
| 702 | 0 | @a马晓秋@Ama xiao qiu@4译 |
| 801 | 0 | @aCN@bTAOJIN@c20070721 |
| 905 | @a10447@dF590.8@e173 | |
| 旅游业市场营销=Sales and Marketing in the Tourism Industry/(澳) 唐·约翰逊(Dawn Johnson)著/张凌云, 马晓秋译.-北京:电子工业出版社,2004 |
| 268页;20cm.-(旅游服务管理精选精译 ) |
| ISBN 7-5053-9844-X:CNY29.00 |
| 本书介绍在复杂的旅游市场环境下进行产品或服务营销与销售的基础知识和技能,及旅游行业最新的趋势和营销工具,辅助于同步思考题、案例分析。 |
| ● |
| 相关链接 |
|
|
|
|
正题名:旅游业市场营销
索取号:F590.8/173
 
预约/预借
| 序号 | 登录号 | 条形码 | 馆藏地/架位号 | 状态 | 备注 |
| 1 | 0822676 | 208226766 | 第一样本阅览室/ [索取号:F590.8/173] | 在馆 | |
| 2 | 0822677 | 208226775 | 第一借阅区/ [索取号:F590.8/173] | 在馆 | |
| 3 | 0822678 | 208226784 | 第一借阅区/ [索取号:F590.8/173] | 在馆 | |
| 4 | 0822679 | 208226793 | 第一借阅区/ [索取号:F590.8/173] | 在馆 | |
| 5 | 0822680 | 208226800 | 第一借阅区/ [索取号:F590.8/173] | 在馆 |